接壤县级行政区最多的县级行政区 - Statistics

General Stats
  • This quiz has been taken 9 times
  • The average score is 27 of 58
Answer Stats
接壤个数 省级行政区 地级行政区 县级行政区 % Correct
11 湖南省 长沙市 浏阳市
100%
11 湖南省 长沙市 宁乡市
100%
20 内蒙古自治区 阿拉善盟 阿拉善左旗
78%
13 辽宁省 阜新市 阜新蒙古族自治县
78%
12 新疆维吾尔自治区 巴音郭楞蒙古自治州 若羌县
78%
11 江西省 南昌市 新建区
78%
11 青海省 西宁市 湟中区
78%
10 黑龙江省 鸡西市 鸡东县
78%
16 辽宁省 辽阳市 辽阳县
67%
14 甘肃省 张掖市 肃南裕固族自治县
67%
11 江苏省 南京市 江宁区
67%
11 安徽省 淮南市 寿县
67%
11 湖北省 宜昌市 夷陵区
67%
10 内蒙古自治区 鄂尔多斯市 杭锦旗
67%
10 江苏省 南京市 浦口区
67%
10 江苏省 镇江市 丹徒区
67%
10 湖南省 湘潭市 湘潭县
67%
10 湖南省 衡阳市 衡南县
67%
10 湖南省 岳阳市 岳阳县
67%
10 甘肃省 酒泉市 肃北蒙古族自治县
67%
17 新疆维吾尔自治区 巴音郭楞蒙古自治州 和静县
56%
14 江苏省 徐州市 铜山区
56%
12 新疆维吾尔自治区 塔城地区 和布克赛尔蒙古自治县
56%
11 河南省 安阳市 安阳县
56%
11 新疆维吾尔自治区 巴音郭楞蒙古自治州 尉犁县
56%
10 河南省 濮阳市 濮阳县
56%
10 广东省 佛山市 南海区
56%
10 四川省 凉山彝族自治州 木里藏族自治县
56%
11 湖北省 荆州市 监利市
44%
10 河北省 承德市 承德县
44%
10 辽宁省 铁岭市 铁岭县
44%
10 辽宁省 朝阳市 朝阳县
44%
10 安徽省 黄山市 休宁县
44%
10 河南省 安阳市 林州市
44%
10 湖南省 永州市 江华瑶族自治县
44%
11 河北省 张家口市 宣化区
33%
10 广东省 阳江市 阳春市
33%
10 四川省 成都市 双流区
33%
10 四川省 甘孜藏族自治州 康定市
33%
10 陕西省 宝鸡市 陈仓区
33%
10 甘肃省 甘南藏族自治州 卓尼县
33%
10 新疆维吾尔自治区 塔城地区 沙湾市
33%
10 辽宁省 锦州市 凌海市
22%
10 河南省 开封市 祥符区
22%
10 河南省 平顶山市 鲁山县
22%
10 广东省 肇庆市 高要区
22%
10 重庆市 (直辖) 巴南区
22%
10 青海省 海南藏族自治州 共和县
22%
10 新疆维吾尔自治区 喀什地区 巴楚县
22%
10 山西省 晋城市 泽州县
11%
10 黑龙江省 大庆市 肇源县
11%
10 安徽省 池州市 东至县
11%
10 江西省 九江市 柴桑区
11%
10 江西省 宜春市 丰城市
11%
10 四川省 眉山市 仁寿县
11%
10 四川省 凉山彝族自治州 会理市
11%
10 河北省 保定市 清苑区
0%
10 广西壮族自治区 桂林市 灵川县
0%
No matching quizzes found
Score Distribution
Percent of People with Each Score
Percentile by Number Answered
Your Score History
You have not taken this quiz